| 000 | 00365nam a2200145 a 4500 | ||
|---|---|---|---|
| 001 | 2851 | ||
| 003 | CDMR | ||
| 005 | 20130116135236.0 | ||
| 008 | 130130s1931||||||||||||||||||||||||||||d | ||
| 040 |
_aCDMR _bcat _cCDMR |
||
| 100 | 1 |
_aMarti y Navarre, Juan B. _92100 |
|
| 245 | 1 | 0 | _aMemorias de un periodista 1880-1930 |
| 260 |
_aBarcelona _c1931 _bImp. Nuñez |
||
| 942 | _cMON | ||
| 999 |
_c2851 _d2851 |
||